Pomohou státni dluhopisy řešit současné problémy rozpočtové soustavy?
Podmienky a priebeh prípravy štátnych rozpočtov na rok 1992 v ČSFR. Potreba emisie štátnych dlhopisov a emisia k 15.2.1992. Právne podklady a mechanizmus štátnych dlhov. Päť základných foriem stanovenia výnosov dlhopisov. Potreba zriadenia Štátnej pokladnice a stav prác na jej príprave.
Guardado en:
| Autor principal: | |
|---|---|
| Formato: | Capítulo de libro |
| Lenguaje: | checo |
| Materias: | |
| Etiquetas: |
Sin Etiquetas, Sea el primero en etiquetar este registro!
|
MARC
| LEADER | 00000naa a2200000 4500 | ||
|---|---|---|---|
| 001 | r007619 | ||
| 005 | 20220831085433.0 | ||
| 041 | 0 | |a cze | |
| 044 | |a [CS] | ||
| 245 | 1 | 0 | |a Pomohou státni dluhopisy řešit současné problémy rozpočtové soustavy? |c R. Kaminský |
| 520 | |a Podmienky a priebeh prípravy štátnych rozpočtov na rok 1992 v ČSFR. Potreba emisie štátnych dlhopisov a emisia k 15.2.1992. Právne podklady a mechanizmus štátnych dlhov. Päť základných foriem stanovenia výnosov dlhopisov. Potreba zriadenia Štátnej pokladnice a stav prác na jej príprave. | ||
| 610 | 2 | 0 | |a rozpočet štátny |
| 610 | 2 | 0 | |a 1992 |
| 610 | 2 | 0 | |a dlhy štátne |
| 610 | 2 | 0 | |a emisia |
| 610 | 2 | 0 | |a dlhopisy |
| 610 | 2 | 0 | |a ČSFR |
| 610 | 2 | 0 | |a predpisy právne |
| 610 | 2 | 0 | |a sústava rozpočtová |
| 100 | 1 | |a Kaminský, R. | |